Porovnanie produkčnej výkonnosti jednotlivých krajov SR v členení podľa NUTS3 pomocou komplexného ukazovateľa

Porovnanie produkčnej výkonnosti 7 krajov SR v členení podľa NUTS3. Pre toto porovnanie bol zostavenýi komplexný ukazovateľ pozostávajúci zo 4 čiastkových ukazovateľov. Na základe vypočítaného ukazovateľa bolo zistenéi, že najmenej výkonný kraj je Prešovský kraj a k najvýkonnejším krajom patria Tr...

Ausführliche Beschreibung

Gespeichert in:
Bibliographische Detailangaben
1. Verfasser: Raisová, Manuela
Format: Buchkapitel
Sprache:Slowakisch
Schlagworte:
Tags: Tag hinzufügen
Keine Tags, Fügen Sie das erste Tag hinzu!

MARC

LEADER 00000naa a2200000 4500
001 0192784
005 20220426133438.1
041 0 |a slo 
044 |a SK 
245 1 0 |a Porovnanie produkčnej výkonnosti jednotlivých krajov SR v členení podľa NUTS3 pomocou komplexného ukazovateľa  |c Manuela Raisová 
520 |a Porovnanie produkčnej výkonnosti 7 krajov SR v členení podľa NUTS3. Pre toto porovnanie bol zostavenýi komplexný ukazovateľ pozostávajúci zo 4 čiastkových ukazovateľov. Na základe vypočítaného ukazovateľa bolo zistenéi, že najmenej výkonný kraj je Prešovský kraj a k najvýkonnejším krajom patria Trnavský, Žilinský a Košický kraj. 
610 2 0 |a Slovensko 
610 2 0 |a výkonnosť 
610 2 0 |a produkcia 
610 2 0 |a stavebníctvo 
100 1 |a Raisová, Manuela